000 02663nam a2200409Ia 4500
008 130821s2004 xx a gs spa
040 _aCo-BoUCM
_bspa
041 0 0 _aspa
092 _aDVD 0487
245 1 0 _aEl mercader de Venecia
_c[DVD]
_cMichael Radford
260 _a[Lugar desconocido]
_bSony Pictures Classics
_c2004
300 _a1 DVD
_bcolor, son
500 _aSINOPSIS : Enmarcada en la Venecia del siglo XVI, esta eterna comedia dramática de Shakespeare sigue el destino y la fortuna de un grupo de nobles cristianos y de su relación con el prestamista judío Shylock. Antonio (Jeremy Irons) acepta dinero prestado de Shylock (Al Pacino) para ayudar a su joven y arruinado amigo Bassanio (Joseph Fiennes) a conquistar la mano de la bella Porcia (Lynn Collins). Enojado por los insultos que le profiere Antonio, Shylock deja muy claras las condiciones que se deberán cumplir en caso de que aquél se demore en el pago del préstamo. Cuando los negocios de ultramar de Antonio se van al traste por culpa de una tormenta, Shylock se enfurece todavía más pues su hija se ha fugado con el noble Lorenzo (Charlie Cox). Al no devolvérsele el préstamo, Shylock reclama que se le resarza con una libra de carne del propio Antonio. Cuando, con desespero, Bassanio trata de evitar este destino reservado a su amigo, sobreviene la ayuda milagrosa de alguien inesperado.
508 _aCREDITOS : Director, Michael Radford; Guión, Michael Radford (Obra: William Shakespeare); Música, Jocelyn Pook; Fotografía, Benoit Delhomme.
511 _aAl Pacino, Jeremy Irons, Joseph Fiennes, Lynn Collins, Zuleikha Robinson, Kris Marshall, Charlie Cox, Mackenzie Crook, Ben Whishaw.
546 _aAudio en Inglés y Español. Subtítulos en Español.
650 0 4 _aAmor en el cine
_vDVD
_98920
650 0 4 _aEntretenimiento
_926487
650 0 4 _aLiteratura europea
_926524
650 0 4 _aPelículas cinematográficas
_vDVD
_vVersiones cinematográficas
_vDVD
650 0 4 _aPelículas cinematográficas
_zGran Bretaña
_vDVD
_97903
700 1 _aRadford, Michael
_d1946-
_edir.
700 1 _aShakespeare, William
_d1564-1616
710 2 _aArclight Films
710 2 _aAvenue Pictures
710 2 _aDania Film
710 2 _aDe Luxe Production
710 2 _aImmagine e Cinema
710 2 _aIstituto Luce
710 2 _aMovievision Entertainment
710 2 _aNavidi Wilde Productions
710 2 _aSony Pictures Classics
710 2 _aSpice Factory
765 _tWilliam Shakespeare's The Merchant of Venice
856 0 4 _uhttp://www.youtube.com/watch?v=2r2tNghypxg
_zSiga este vínculo para ver el trailer.
942 _cMULTIMEDIA
_2LOCAL
_a18
_e1
999 _c60628
_d60628